000 00358nam a2200157Ia 4500
003 OSt
005 20240327160033.0
008 170524s9999 xx 000 0 und d
020 _a ‎ 1850769265
040 _cIIMT UNIVERSITY
100 _aDomoven Mary Deirdre
245 0 _aEat Battar Feel Batter
260 _bApple
260 _c1998
942 _2ddc
_c02
999 _c6711
_d6711